Wind Turbine Control for Reducing Tower Oscillations
Guardado en:
| Autor principal: | |
|---|---|
| Formato: | Libro |
| Lenguaje: | inglés |
| Publicado: |
Bratislava
STU FCHPT
2010
|
| Acceso en línea: | Ver en el OPAC |
| Etiquetas: |
Sin Etiquetas, Sea el primero en etiquetar este registro!
|
MARC
| LEADER | 00000nam a2200000 a 4500 | ||
|---|---|---|---|
| 005 | 20260127134317.0 | ||
| 008 | 100706 2010 xo 000 0 eng d | ||
| 035 | |a vtls010112300 | ||
| 039 | 9 | |a 201007080734 |b mschk03 |y 201007061236 |z mschk03 | |
| 040 | |a STUSCHK1 |b slo |c STUSCHK1 |e AACR2 | ||
| 100 | 1 | |a Kórka, Tibor | |
| 245 | 1 | |a Wind Turbine Control for Reducing Tower Oscillations |c Tibor Kórka | |
| 260 | |a Bratislava |b STU FCHPT |c 2010 | ||
| 300 | |a 42 s. |b il. |c 30cm | ||
| 500 | |a Obháj.: 8.6. 2010 | ||
| 500 | |a Študijný program: automatizácia a informatizácia v chémii a potravinárstve | ||
| 500 | |a Študijný odbor: 5.2.14 automatizácia | ||
| 500 | |a Miesto vypracovania: Oddelenie informatizácie a riadenia procesov, FCHPT | ||
| 500 | |a Evidenčné číslo: FCHPT-5414-28078 | ||
| 910 | |a SCHK95 | ||
| 999 | |c 9466 |d 9466 | ||